000 00701nam a2200205Ia 4500
005 20260121110013.0
008 008 260114s9999 xx 000 0 hin d
020 _a9788132371861
037 _aEBOOK
040 _aCRL
_bhin
_cCRL
041 _ahin
_2hin
084 _qCRL
100 _aजयंत कौशिक / Jayant Kaushik
_9940862
245 0 _aजलीय जानवरों की विस्‍तृत जानकारी / Jaliye janwaron ki vistaarit jaankari
260 _bभाषा प्रकाशन / Bhasha Prakashan
_c2022
856 _uhttps://bhashaprakashan.com/product-details/380276
942 _cEBOOK
999 _c1532527
_d1532527